Welcome to CU Library Online Public Access Catalogue (OPAC)

Statistics and operations research: (Record no. 1357)

MARC details
000 -LEADER
fixed length control field 00458nam a22001817a 4500
005 - DATE AND TIME OF LATEST TRANSACTION
control field 20241120115430.0
008 - FIXED-LENGTH DATA ELEMENTS--GENERAL INFORMATION
fixed length control field 241120b |||||||| |||| 00| 0 eng d
020 ## - INTERNATIONAL STANDARD BOOK NUMBER
International Standard Book Number 9788170089254
050 ## - LIBRARY OF CONGRESS CALL NUMBER
Classification number QA 276.18 DUT
082 ## - DEWEY DECIMAL CLASSIFICATION NUMBER
Edition information 2nd
100 ## - MAIN ENTRY--PERSONAL NAME
Personal name Dutta, Debashis
245 ## - TITLE STATEMENT
Title Statistics and operations research:
Remainder of title a unified approach
250 ## - EDITION STATEMENT
Edition statement 2nd
260 ## - PUBLICATION, DISTRIBUTION, ETC.
Place of publication, distribution, etc. New Delhi
Name of publisher, distributor, etc. Laxmi
Date of publication, distribution, etc. 2006
300 ## - PHYSICAL DESCRIPTION
Extent xiv,369p
500 ## - GENERAL NOTE
General note index,
942 ## - ADDED ENTRY ELEMENTS (KOHA)
Source of classification or shelving scheme Library of Congress Classification
Koha item type Books
Edition 2nd
Suppress in OPAC No
999 ## -
-- 1357
-- 1357
Holdings
Withdrawn status Lost status Source of classification or shelving scheme Damaged status Not for loan Collection Home library Current library Shelving location Date acquired Total checkouts Full call number Barcode Date last seen Copy number Price effective from Koha item type
    Library of Congress Classification     Non-fiction Graduate Library (Christ Temple) Graduate Library (Christ Temple) General stacks 11/20/2024   QA 276.18 DUT GSCT00000095 11/20/2024 1 11/20/2024 Books
    Library of Congress Classification     Non-fiction Graduate Library (Christ Temple) Graduate Library (Christ Temple) General stacks 11/20/2024   QA 276.18 DUT GSCT00000096 11/20/2024 2 11/20/2024 Books
    Library of Congress Classification     Non-fiction Graduate Library (Christ Temple) Graduate Library (Christ Temple) General stacks 11/20/2024   QA 276.18 DUT GSCT00000097 11/20/2024 3 11/20/2024 Books
    Library of Congress Classification     Non-fiction Graduate Library (Christ Temple) Graduate Library (Christ Temple) General stacks 11/20/2024   QA 276.18 DUT GSCT00000098 11/20/2024 4 11/20/2024 Books
    Library of Congress Classification     Non-fiction Graduate Library (Christ Temple) Graduate Library (Christ Temple) General stacks 11/20/2024   QA 276.18 DUT GSCT00000099 11/20/2024 5 11/20/2024 Books
© 2023-2024 Copyright: Central University Libraries. All Rights Reserved | Created by: Mahone Tech Office